| 000 | 00552cam a2200217ua 4500 | ||
|---|---|---|---|
| 001 | 8346 | ||
| 005 | 20260515114325.0 | ||
| 008 | 150128n ii |||gr||||Z||||||eng | ||
| 020 | _a9780195685091 | ||
| 040 | _cMAIN | ||
| 041 | _aeng | ||
| 082 | _a809 | ||
| 100 |
_aWaugh, P., _eEditor. |
||
| 245 | 1 |
_aLiterary theory and criticism _cEdited by Patricia Waugh |
|
| 250 | _a1st. | ||
| 260 |
_aNew Delhi: _bOxford, _c2006. |
||
| 300 | _axx,598p. | ||
| 653 | _aHistory, description & criticism | ||
| 653 | _aLiterary theory and criticism | ||
| 942 | _cBK | ||
| 999 |
_c7452 _d7452 |
||